[Event "Marshall Chess Club GM 2020"]
[Site "New York"]
[Date "2020.02.27"]
[Round "1"]
[White "Perunovic, Milos"]
[Black "Wang, Qibiao"]
[Result "1-0"]
[WhiteElo "2591"]
[BlackElo "2362"]
[Annotator "TA"]
[PlyCount "123"]
[EventDate "2020.02.27"]
[EventType "tourn"]
[EventCountry "USA"]
[SourceTitle "playchess.com"]
[Source "ChessBase"]
[SourceQuality "1"]

{[%evp 12,123,10,0,0,6,4,1,12,4,0,0,0,0,0,0,0,0,0,-8,-8,-7,0,0,0,-3,0,0,15,4,0,-7,60,60,53,41,41,41,41,41,41,41,32,38,44,45,63,65,66,57,56,56,44,21,27,32,29,26,21,0,22,22,47,21,22,22,22,25,93,213,213,213,198,205,208,208,172,86,86,97,95,0,0,0,175,175,208,175,178,150,136,86,86,88,85,79,80,79,159,87,87,87,87,87,589,564,850,764,4960,4133,1462,750,742,742]} 1. e4 e5 2. Nf3 Nf6 3. d4 Nxe4 4. Bd3 d5 5. Nxe5 Nd7 6. Nc3 Nxe5 {The main line 6...Nxe5 scores better than 6...Nxc3.} 7. dxe5 Bb4 {C43: Petroff Defence: 3 d4.} 8. O-O Nxc3 9. bxc3 Bxc3 {[%mdl 64] Double Attack. The position is equal.} 10. Rb1 O-O ({Avoid the trap} 10... Bxe5 $2 11. Re1 $18) 11. Bxh7+ {[%mdl 64] Decoy} Kxh7 12. Qd3+ {[%mdl 64] Double Attack} Kg8 13. Qxc3 b6 14. Qg3 {aiming for Bh6!} Qd7 15. h3 Qf5 16. Bg5 {[#]} c5 $146 ({Predecessor:} 16... Qg6 17. Rb3 Re8 18. f4 Bf5 19. Qf2 Qc6 20. Rg3 Qxc2 21. Qf3 Qe4 22. Qd1 Re6 {1-0 (43) Jones,G (2679)-Li,D (2562) Caleta 2020}) 17. c3 $36 {[%mdl 2048] Black is under pressure.} Ba6 18. Rfe1 Qd3 19. Qh4 Qh7 ({But not} 19... Qxc3 20. Rbc1 $15) 20. Qf4 Rae8 21. Rbd1 Bd3 (21... Bc4 $11) 22. Re3 $1 $14 c4 23. Rg3 Qe4 $1 24. Qxe4 Bxe4 25. Rd4 Rxe5 26. Bf6 $1 Re6 27. Bxg7 {Threatens to win with Bh6+.} Rfe8 28. Bh6+ Kh7 29. Bg5 f6 30. Bd2 Rg8 31. Rxg8 Kxg8 {[%mdl 4096] Endgame KRB-KRB} 32. f3 Bd3 33. Rxd5 Re2 34. Bh6 Rxa2 35. Rd7 a5 36. Rg7+ Kh8 37. Rb7 a4 38. Bg7+ ({Reject} 38. Rxb6 a3 $15) 38... Kg8 39. Bxf6 a3 (39... Ra1+ $11 40. Kh2 Ra2) 40. Rg7+ $1 $16 Kf8 41. Ra7 Ra1+ 42. Kh2 $1 a2 43. h4 $1 Bg6 {[#]} 44. g4 (44. Bd4 $1 $18) 44... Be8 45. Bd4 Bc6 46. h5 (46. Bxb6 $16 Bxf3 47. Bc5+ Ke8 48. Kg3) 46... Bxf3 $11 47. Kg3 Be4 $2 (47... b5 $1 $11 {and Black stays safe.}) 48. Bxb6 $18 Bc2 49. Bc5+ Ke8 50. g5 Rh1 51. Rxa2 Rxh5 52. Kg4 Rh2 {And now ...Bd1+ would win.} 53. Ra7 (53. Kf4 {seems wilder.} Kf7 54. Bd4 Re2 55. Kf3 Rh2 56. Ra6) 53... Rg2+ 54. Kf4 Bd3 {[#]} (54... Re2 $142) 55. Re7+ (55. Rg7 $142 $1) 55... Kd8 $16 56. Rg7 {Bd4 is the strong threat.} Re2 57. g6 {Black must now prevent Bb6+.} Rg2 $2 {[%mdl 8192] This move loses the game for Black.} (57... Re4+ $16 {lives longer.} 58. Kf5 Re3+ 59. Kf4 Re4+ 60. Kf5 Re3+ 61. Kg4 Re4+ 62. Kg3 Re6) 58. Rg8+ $18 {White is clearly winning.} Kd7 59. g7 Bh7 60. Ra8 Ke6 61. Bd4 Kf7 62. Rf8+ {Accuracy: White = 88%, Black = 72%.} 1-0

[Event "Marshall Chess Club GM 2020"]
[Site "New York"]
[Date "2020.02.27"]
[Round "1"]
[White "Korley, Kassa"]
[Black "Yoo, Christopher Woojin"]
[Result "1/2-1/2"]
[WhiteElo "2430"]
[BlackElo "2430"]
[Annotator "TA"]
[PlyCount "76"]
[EventDate "2020.02.27"]
[EventType "tourn"]
[EventCountry "USA"]
[SourceTitle "playchess.com"]
[Source "ChessBase"]
[SourceQuality "1"]

{[%evp 22,76,8,4,16,18,7,12,15,13,6,0,7,0,26,19,19,12,26,0,0,0,11,4,14,0,19,0,41,-3,24,-8,14,-13,0,0,0,-6,0,0,32,10,20,0,0,0,0,0,25,0,0,0,29,0,0,0,57]} 1. e4 c5 2. Nf3 d6 3. d4 cxd4 4. Nxd4 Nf6 5. Nc3 Nc6 6. h3 g6 7. Be3 Bg7 8. Be2 O-O 9. O-O Bd7 10. Qd2 Nxd4 11. Bxd4 Bc6 12. Bf3 Nd7 {B73: Sicilian Dragon: Classical System without 9 Nb3.} 13. Bxg7 Kxg7 {[#]} 14. Rfe1 $146 ({Predecessor:} 14. Nd5 e6 15. Ne3 Kg8 16. Nd5 Kg7 17. Ne3 Ne5 18. Be2 g5 19. Rad1 Bxe4 20. Qxd6 Qf6 21. Qb4 Bc6 22. Bb5 Bxb5 23. Qxb5 b6 24. Qe2 Rac8 {½-½ (24) Friedrich,N (2251)-Horvath,C (2519) Cesenatico 2018}) 14... Qb6 15. b3 Qa5 16. Rad1 Rfd8 17. Re3 Nf6 18. a4 Rac8 19. Qe2 e6 20. Qd2 a6 21. Rd3 Qe5 22. Rd4 h6 23. Re1 Be8 24. Ne2 Rc7 25. Rd1 Bc6 26. Qc3 Rcd7 27. a5 Nh7 28. h4 Nf6 29. g3 Kh7 30. Bg2 Qb5 31. Qe1 Qc5 32. b4 Qxc2 33. Rc1 Qb2 34. Rb1 Qc2 {Black wants to play ...e5.} 35. Rc1 Qb2 36. Rb1 Qc2 {Threatening ...e5.} 37. Rc1 Qb2 38. Rb1 Qc2 {A rather calm draw. Accuracy: White = 77%, Black = 74%.} (38... Qa3 $11) 1/2-1/2

[Event "Marshall Chess Club GM 2020"]
[Site "New York"]
[Date "2020.02.27"]
[Round "1"]
[White "Wang, Kevin"]
[Black "Niemann, Hans Moke"]
[Result "0-1"]
[WhiteElo "2418"]
[BlackElo "2459"]
[Annotator "TA"]
[PlyCount "84"]
[EventDate "2020.02.27"]
[EventType "tourn"]
[EventCountry "USA"]
[SourceTitle "playchess.com"]
[Source "ChessBase"]
[SourceQuality "1"]

{[%evp 9,84,13,28,27,32,27,34,29,45,29,72,84,78,77,79,33,31,9,13,5,24,2,10,19,0,0,8,6,15,0,-1,0,6,-33,-30,-32,-31,-40,-29,-42,0,-35,-33,-71,-7,-15,-8,-75,-65,-49,-30,-25,-17,-55,-55,-47,0,0,0,0,0,0,0,-68,-68,-95,-39,-52,-8,-11,-2,-17,-24,-742,-732,-1497,-1292]} 1. e4 c5 2. c3 Nf6 3. e5 Nd5 4. Bc4 Nb6 5. Bb3 c4 6. Bc2 {B22: Sicilian: 2 c3.} d6 7. exd6 e5 8. Nf3 {White is slightly better.} Nc6 9. a4 {[%cal Ba2a4,Ba4a5][%mdl 32] [#]} f5 $146 ({Predecessor:} 9... Bxd6 10. a5 Nd5 11. a6 Nf4 12. O-O O-O 13. Na3 Bxa3 14. Rxa3 Nd3 15. Ne1 e4 16. Nxd3 exd3 {0-1 (69) Moiseenko,V (2532)-Potapov,P (2489) Sochi 2019}) 10. a5 Nd5 11. d3 cxd3 12. Qxd3 Qxd6 13. Bb3 Nc7 14. Qe2 {Threatens to win with 0-0.} Be6 15. Ba4 {With the idea Nxe5.} e4 $1 {[%cal Re4f3]} 16. Nd4 Bd7 17. Nxc6 Bxc6 18. O-O Be7 19. Rd1 Qe6 20. Bxc6+ Qxc6 21. Qh5+ g6 22. Qh6 Ne6 $36 {[%mdl 2048] Black has some pressure.} 23. Be3 Bf8 24. Qh4 Be7 25. Qh6 Bf6 26. Nd2 {[#]} Bg7 (26... O-O-O $1 $17) 27. Qh4 $11 O-O {White should prevent ...f4.} 28. Nb3 (28. f3 $1 $11 {remains equal.}) 28... Bf6 $17 29. Qg3 Qb5 30. Nd4 Bxd4 31. Bxd4 f4 32. Qg4 Rae8 33. Bxa7 Qxb2 34. Rab1 Qxc3 35. Rxb7 Qxa5 36. h4 (36. Qh3 $11 h5 37. Qb3) 36... Rf7 $15 37. Rb8 {[#]} Rxb8 (37... Rfe7 $1 $17 38. Rxe8+ Rxe8) 38. Bxb8 Rf6 39. Qe2 Qa4 {Strongly threatening ...f3.} 40. Be5 f3 41. Qd2 $2 {[%mdl 8192] [#]} (41. Qe1 $11 Rf5 42. Bg3) 41... e3 $1 $19 {[%cal Re3d2][%mdl 576] Discovered Attack} 42. fxe3 (42. Qxe3 Qxd1+) 42... f2+ {Accuracy: White = 69%, Black = 82%.} 0-1

[Event "Marshall Chess Club GM 2020"]
[Site "New York"]
[Date "2020.02.27"]
[Round "1"]
[White "Kaliksteyn, Alexander"]
[Black "Paragua, Mark"]
[Result "0-1"]
[WhiteElo "2394"]
[BlackElo "2513"]
[Annotator "TA"]
[PlyCount "70"]
[EventDate "2020.02.27"]
[EventType "tourn"]
[EventCountry "USA"]
[SourceTitle "playchess.com"]
[Source "ChessBase"]
[SourceQuality "1"]

{[%evp 11,70,0,4,-9,-4,-8,-8,-4,0,0,0,0,15,-23,-9,-34,-16,-31,-31,-36,-46,-58,-62,-61,-64,-140,-52,-54,-58,-57,-47,-45,-50,-83,-80,-91,-22,-35,-7,-23,0,0,20,14,26,-16,-3,-76,-79,-114,-119,-95,-99,-448,-438,-417,-410,-517,-520,-29974,-29971]} 1. d4 Nf6 2. Bf4 e6 3. e3 d5 4. Nf3 c5 5. Nbd2 Nc6 6. c3 Nh5 7. Bg3 {D02: 1 d4 d5 2 Nf3 sidelines, including 2...Nf6 3 g3 and 2...Nf6 3 Bf4.} Nxg3 8. hxg3 h6 9. Bd3 {The position is equal.} Qc7 10. Qe2 Bd7 11. O-O {[#]} g5 $146 ({Predecessor:} 11... c4 12. Bc2 Bd6 13. e4 O-O-O 14. e5 Be7 15. b3 b5 16. a4 Nb8 17. axb5 Bxb5 18. bxc4 dxc4 {1-0 (28) Predescu,S-Winberg,J Edmonton 2000}) 12. e4 {aiming for exd5.} O-O-O 13. dxc5 Bxc5 14. exd5 exd5 15. Nb3 Bb6 16. Nfd4 h5 17. Bf5 h4 {Hoping for ...Bxf5.} 18. gxh4 (18. g4 $15) 18... Bxf5 ({Reject} 18... Nxd4 $6 19. cxd4 Kb8 20. Rac1 $11) (18... Rxh4 $17 {[%csl Gh4][%cal Rc7h2]} 19. g3 Rh6) 19. Nxf5 $15 Qf4 20. Qf3 Qxf3 21. gxf3 gxh4 22. Rae1 Rh5 23. Nbd4 Bc7 ({Black should play} 23... Nxd4 $17 24. Nxd4 Kd7) 24. Kh1 $11 Ne5 25. Re3 Nc4 26. Re2 Rg5 27. Rfe1 h3 28. Ng3 Bf4 29. Re7 (29. Ndf5 $11) 29... Nxb2 $17 30. Nde2 Bd6 $36 {[%mdl 2048] Black is really pushing.} 31. Rxf7 Re8 {...Bxg3 is the strong threat.} 32. f4 $2 {[%mdl 8192] [#] This costs White the game.} (32. Rf1 $17 {nothing else works.}) 32... Rxg3 $1 $19 {[%mdl 512]} 33. fxg3 (33. Nxg3 Rxe1+) 33... Nd3 34. Rb1 {Strongly threatening Nd4.} Rxe2 35. Rbxb7 (35. Rh7 $19 Nc5 36. Rxh3) 35... Rg2 {Accuracy: White = 56%, Black = 83%.} 0-1

[Event "Marshall Chess Club GM 2020"]
[Site "New York"]
[Date "2020.02.27"]
[Round "1"]
[White "Colas, Joshua"]
[Black "Khamrakulov, Djurabek"]
[Result "1/2-1/2"]
[WhiteElo "2319"]
[BlackElo "2525"]
[Annotator "TA"]
[PlyCount "58"]
[EventDate "2020.02.27"]
[EventType "tourn"]
[EventCountry "USA"]
[SourceTitle "playchess.com"]
[Source "ChessBase"]
[SourceQuality "1"]

{[%evp 9,58,-10,-12,-15,-11,-22,-9,-19,0,-10,-6,-28,-24,-31,-31,-31,-31,-41,-44,-44,-44,-48,-44,-54,-31,-36,-33,-33,-33,-56,-44,-49,-41,-41,-45,-52,-43,-50,-43,-49,-54,-45,-40,-36,0,0,0,0,100,99,86]} 1. Nf3 d5 2. c4 d4 3. e3 Nc6 4. d3 e5 5. exd4 exd4 6. Be2 {A09: Réti Opening: 1 Nf3 d5 2 c4.} Be7 7. O-O Nf6 8. b3 {[#] The position is equal.} a5 $146 ({Predecessor:} 8... O-O 9. Na3 Nb4 10. Ne1 c5 11. Nac2 Nc6 12. f4 Qc7 13. Bf3 Rb8 14. h3 Bd6 {0-1 (29) Bischoff,K (2547)-Mchedlishvili,M (2623) Germany 2012}) 9. Bb2 O-O 10. Na3 Na7 11. Qd2 Re8 {[#] aiming for ...Bb4.} 12. Nb5 c5 13. Nxa7 Rxa7 14. Rae1 Ra6 15. a4 Qc7 16. Bd1 Rf8 17. Bc1 h6 18. h3 Bd6 19. Qe2 Re8 20. Qd2 Be6 21. Nh4 g5 22. Nf3 {With the idea Nxg5!} Bf4 23. Qc2 Bf5 24. Rxe8+ Nxe8 25. Re1 Re6 $1 26. Rxe6 fxe6 27. Bxf4 Qxf4 28. Qe2 {And now g4 would win.} Ng7 (28... Qd6 $11) 29. Ne5 $16 Bh7 {Accuracy: White = 100%, Black = 96%.} 1/2-1/2

[Event "Marshall Chess Club GM 2020"]
[Site "New York"]
[Date "2020.02.27"]
[Round "2"]
[White "Khamrakulov, Djurabek"]
[Black "Paragua, Mark"]
[Result "1/2-1/2"]
[WhiteElo "2525"]
[BlackElo "2513"]
[Annotator "TA"]
[PlyCount "40"]
[EventDate "2020.02.27"]
[EventType "tourn"]
[EventCountry "USA"]
[SourceTitle "playchess.com"]
[Source "ChessBase"]
[SourceQuality "1"]

{[%evp 20,40,19,8,24,12,26,0,12,0,0,-7,-10,-31,-30,-27,-37,-45,-35,-46,-78,-54,10]} 1. Nf3 Nf6 2. g3 g6 3. Bg2 Bg7 4. O-O O-O 5. d4 d6 6. c4 Nc6 7. Nc3 e5 8. d5 Nb8 9. e4 a5 10. h3 Na6 11. Be3 b6 {E62: King's Indian: Fianchetto: 6...c6 and Panno Variation (6...Nc6) without ...a6.} 12. a3 {[#]} Bd7 $146 ({Predecessor:} 12... Nc5 13. Qc2 a4 14. Bxc5 bxc5 15. Nxa4 Nxe4 16. b4 cxb4 17. axb4 f5 18. c5 Ba6 19. Rfd1 {0-1 (42) Kovacevic,S (2229)-Cabarkapa,N (2424) Novi Sad 2016}) 13. Ne1 Qe8 {The position is equal.} 14. b3 Nh5 15. Nd3 Nc5 16. Bxc5 (16. Nxc5 {is more complex.} bxc5 17. Bd2 f5 18. a4 f4 19. g4) 16... bxc5 17. b4 axb4 18. axb4 cxb4 19. Nxb4 Rxa1 20. Qxa1 Qa8 (20... f5 $15) 1/2-1/2

[Event "Marshall Chess Club GM 2020"]
[Site "New York"]
[Date "2020.02.27"]
[Round "2"]
[White "Niemann, Hans Moke"]
[Black "Korley, Kassa"]
[Result "1-0"]
[WhiteElo "2459"]
[BlackElo "2430"]
[Annotator "TA"]
[PlyCount "129"]
[EventDate "2020.02.27"]
[EventType "tourn"]
[EventCountry "USA"]
[SourceTitle "playchess.com"]
[Source "ChessBase"]
[SourceQuality "1"]

{[%evp 20,129,12,9,41,-14,21,33,40,25,80,74,49,12,39,43,52,59,71,55,69,60,75,84,198,197,196,195,186,197,270,293,273,280,264,266,276,263,250,248,311,311,308,299,386,409,407,405,378,388,364,0,406,231,241,228,261,244,250,241,287,279,276,290,314,307,341,343,368,365,366,356,361,346,370,362,385,380,403,406,501,498,614,526,542,531,502,512,505,445,568,542,479,394,462,433,620,608,611,596,633,626,662,658,745,727,708,680,656,615,783,768]} 1. c4 e6 2. d4 d5 3. Nc3 Nf6 4. Nf3 Be7 5. cxd5 exd5 6. Bg5 O-O 7. e3 c6 8. Bd3 h6 9. Bh4 Be6 10. Qc2 Nbd7 11. h3 a5 {[#] D36: Queen's Gambit Declined: Exchange Variation: Main line (5 Bg5 c6 6 Qc2).} 12. g4 $146 ({White should play} 12. Bg3 $14) ({Predecessor:} 12. Bg3 c5 13. O-O c4 14. Bf5 Qb6 15. Ne5 Rad8 16. Bh4 Bxf5 17. Qxf5 Qe6 18. Qxe6 fxe6 {½-½ (32) Hauff,A (2301)-Enescu,C (2344) ICCF email 2011}) 12... Re8 13. Rg1 a4 {White is slightly better.} 14. g5 hxg5 (14... Nh5 $11) 15. Nxg5 $16 Nf8 16. f4 Ne4 17. O-O-O $1 (17. Ncxe4 dxe4 18. Bxe4 Bd5 $17) 17... a3 18. b3 (18. Ncxe4 dxe4 19. Bc4 (19. Bxe4 $2 axb2+ 20. Kd2 Bd5 $19) 19... axb2+ 20. Kxb2 Bxc4 $19) 18... Nxc3 19. Qxc3 Bf6 20. f5 Bd7 21. e4 $1 {[%cal Re4e5] Hoping for e5. Black is now going downhill.} c5 (21... Nh7 $16) 22. e5 $1 $18 {[%cal Re5f6]} cxd4 {[#]} 23. exf6 $3 {[%mdl 512]} Qxf6 {[#]} (23... dxc3 $2 24. Nxf7 $1 {[%mdl 512]} Qxf6 25. Bxf6 $18) 24. Qd2 $1 {Threatens to win with Nf3.} Rac8+ (24... Bxf5 $142 25. Rdf1 Qc6+ 26. Kb1 Bxd3+ 27. Qxd3 Re3) 25. Kb1 {Nf3 is the strong threat.} Bxf5 26. Nf3 Bxd3+ 27. Qxd3 Qf4 28. Rg4 (28. Qxd4 $6 Qe4+ 29. Qxe4 dxe4 $18) 28... Qe3 {( -> ...Rc1+!)} 29. Rxd4 (29. Qxd4 $6 Ng6) 29... Ng6 30. Bg5 ({Don't play} 30. Rxd5 $6 Rc3 $16) 30... Qf2 {[%csl Ga3][%cal Rf2b2]} 31. Bd2 Re2 32. Rxd5 Nf4 {[#]} 33. Qf5 $1 {[%mdl 512]} Ne6 34. Rd7 Rf8 35. Rd5 $2 (35. h4 $18) 35... Nc7 $2 {[%mdl 8192]} (35... Rc8 $1 $11 36. h4 b6) 36. Ng5 (36. Rd4 $142 Ne6 37. Rh4) 36... Qxf5+ 37. Rxf5 Rd8 38. Kc1 (38. Nxf7 Rdxd2 39. Rxd2 Rxd2 $17) 38... f6 39. Nf3 Nd5 {intending ...g6.} 40. Nd4 Rh2 41. Rf3 Ne7 42. Nc2 Rc8 43. b4 Nd5 {aiming for ...Nxb4!} 44. Kb1 Nb6 45. Nxa3 ({Not} 45. Rxa3 Rd8 $14) 45... Rd8 46. Kc1 Kf7 47. Nc2 Nc4 {[%cal Rh2d2]} 48. Be1 Rxd1+ 49. Kxd1 b5 50. a3 Nb2+ 51. Kc1 Nc4 52. Nd4 Rh1 53. Kd1 Nd6 54. Ke2 g5 55. Re3 f5 56. Re5 Rxh3 57. Rd5 {White is clearly winning.} Rh2+ (57... Nc4 $142 58. Rxf5+ Kg6 59. Rxb5 Re3+ 60. Kf1 Rd3) 58. Kd1 Nc4 {And now ...Ne3+ would win.} 59. Rxf5+ {[%mdl 64] Double Attack} Kg6 {Strongly threatening ...Ne3+.} 60. Rf3 g4 61. Rc3 Ne5 62. Bg3 Rh3 63. Ne2 Rh1+ 64. Kc2 Nc4 {[#]} 65. a4 $1 {Accuracy: White = 88%, Black = 59%.} 1-0

[Event "Marshall Chess Club GM 2020"]
[Site "New York"]
[Date "2020.02.27"]
[Round "2"]
[White "Yoo, Christopher Woojin"]
[Black "Perunovic, Milos"]
[Result "1-0"]
[WhiteElo "2430"]
[BlackElo "2591"]
[Annotator "TA"]
[PlyCount "65"]
[EventDate "2020.02.27"]
[EventType "tourn"]
[EventCountry "USA"]
[SourceTitle "playchess.com"]
[Source "ChessBase"]
[SourceQuality "1"]

{[%evp 16,65,41,21,26,37,36,5,10,0,20,9,84,72,90,59,112,112,110,98,102,110,106,108,116,114,168,158,167,137,216,193,199,177,156,158,317,324,429,447,427,424,396,374,360,284,624,699,852,822,29975,29976]} 1. e4 c5 2. Nf3 Nc6 3. Nc3 e6 4. d4 cxd4 5. Nxd4 d6 6. g3 Nf6 7. Bg2 Bd7 8. O-O Be7 9. Nce2 Nxd4 {B80: Sicilian Scheveningen: 6 g3 and 6 Be3, including English Attack.} 10. Nxd4 Rc8 11. b3 b5 {[#] The position is equal.} 12. Qe2 $146 ({Predecessor:} 12. Qd3 Qb6 13. Bb2 O-O 14. Rac1 Rc7 15. Nf3 e5 16. Nd2 Rfc8 17. c4 h6 18. Qb1 {0-1 (48) Neiksans,A (2560)-Van Wely,L (2609) chess.com INT 2020}) 12... Qb6 13. Be3 Qb8 (13... Qa5 $11 {remains equal.}) 14. a4 $1 $16 {[%cal Ra4b5]} bxa4 15. bxa4 O-O (15... Qc7 $14) 16. Rfb1 $36 {[%mdl 2048] White is really pushing.} Qc7 17. Nb5 $1 {[%cal Rb5c7]} Qxc2 18. Qxc2 Rxc2 19. Bxa7 d5 {[#]} 20. e5 $1 Ne4 (20... Ng4 $16 {is a better defense.}) 21. Bxe4 dxe4 22. a5 {[%cal Ba4a5,Ba5a6,Ba6a7][%mdl 32]} f6 (22... Ra8 $16) 23. a6 fxe5 24. Bb6 Bc6 25. a7 Ba8 $2 {This move loses the game for Black.} (25... e3 $16 {was necessary.} 26. Bxe3 Ba8) 26. Nc7 $18 e3 27. Nxa8 {Threatens to win with Nc7.} exf2+ {[#]} 28. Kf1 $1 Rxa8 29. Be3 Bd6 30. Rb6 ({Not} 30. Bxf2 Rf8 $16) 30... Bc7 $2 (30... Rc3 31. Rxd6 Rxe3) 31. Rb7 Rc3 32. Rc1 Rxe3 33. Rcxc7 {Accuracy: White = 90%, Black = 40%.} 1-0

[Event "Marshall Chess Club GM 2020"]
[Site "New York"]
[Date "2020.02.27"]
[Round "2"]
[White "Wang, Qibiao"]
[Black "Kaliksteyn, Alexander"]
[Result "0-1"]
[WhiteElo "2362"]
[BlackElo "2394"]
[Annotator "TA"]
[PlyCount "66"]
[EventDate "2020.02.27"]
[EventType "tourn"]
[EventCountry "USA"]
[SourceTitle "playchess.com"]
[Source "ChessBase"]
[SourceQuality "1"]

{[%evp 10,66,12,13,15,4,0,0,0,0,6,11,8,2,11,5,8,0,0,0,20,12,33,27,56,47,30,32,39,0,0,0,0,-28,-30,-36,-36,-78,-75,-243,-250,-224,-238,-240,-237,-673,-662,-951,-947,-1366,-1286,-2475,-1798,-29989,-29990,-29991,-29992,-29992,-29993]} 1. d4 d5 2. Bf4 Nf6 3. e3 e6 4. Nf3 Bd6 5. Bxd6 Qxd6 6. c4 O-O {D02: 1 d4 d5 2 Nf3 sidelines, including 2...Nf6 3 g3 and 2...Nf6 3 Bf4.} 7. Nbd2 Nbd7 8. cxd5 exd5 {The position is equal.} 9. Qc2 Re8 10. Rc1 c6 11. Bd3 {[#]} Qe7 $146 ({Predecessor:} 11... Nf8 12. Ne5 Ne6 13. Nef3 Nf4 14. Bf1 g6 15. Ne5 N4h5 16. Be2 Ng7 17. O-O Bf5 {½-½ (100) Azevedo,A (2033)-Cunha,R (1916) Natal 2013}) 12. O-O Ne4 13. h3 Ndf6 14. Ne5 Bf5 15. Nb3 g6 16. g4 Bc8 17. f3 Nd6 18. Rce1 Nd7 {[%cal Bf6d7,Bd7b6,Bb6d5][%mdl 32]} 19. f4 f6 20. Nf3 Ne4 21. Bxe4 dxe4 22. Nh4 Nb6 23. Qc5 Qg7 {[#] Strongly threatening ...Qh6.} 24. f5 $2 {White does not recover from this.} (24. Qc2 $17) 24... Qh6 $19 25. Ng2 Qxh3 26. fxg6 Bxg4 {aiming for ...Bf3.} 27. Rxf6 $2 (27. Qd6 Bf3 28. Qh2 Qxh2+ 29. Kxh2) 27... Nd5 {...Bf3 is the strong threat.} ({Stronger than} 27... Bf3 28. gxh7+ Kxh7 29. Qg5 $11) 28. gxh7+ Kxh7 {[#] Threatens to win with ...Bf3.} 29. Rf7+ Kg8 30. Rxb7 Re6 {( -> ...Bf3)} 31. Nd2 Bf3 {Black mates.} 32. Nxf3 exf3 {[%csl Gf3][%cal Rh3g2]} 33. Qc2 Rh6 {Accuracy: White = 48%, Black = 100%.} 0-1

[Event "Marshall Chess Club GM 2020"]
[Site "New York"]
[Date "2020.02.27"]
[Round "2"]
[White "Colas, Joshua"]
[Black "Wang, Kevin"]
[Result "1-0"]
[WhiteElo "2319"]
[BlackElo "2418"]
[Annotator "TA"]
[PlyCount "143"]
[EventDate "2020.02.27"]
[EventType "tourn"]
[EventCountry "USA"]
[SourceTitle "playchess.com"]
[Source "ChessBase"]
[SourceQuality "1"]

{[%evp 18,143,6,6,2,0,0,-8,-8,-6,0,0,0,0,0,0,3,6,14,0,0,-21,-12,-33,-22,-31,-31,-38,-29,-54,-54,-53,-47,-48,-39,-57,0,-54,-37,-45,-38,-47,-46,-60,-43,-60,-62,-57,-56,-59,-35,-43,-11,-40,-23,-31,-6,-46,-33,-29,0,-10,37,32,64,73,46,0,51,0,36,45,120,135,134,-33,0,0,0,0,14,16,16,15,9,16,170,165,164,162,341,339,452,449,431,435,422,413,451,436,408,173,129,125,821,186,183,179,233,233,230,210,182,202,204,204,874,817,5848,5795,4927,2551,29954,29948,29970,29969,29988,29988]} 1. c4 e6 2. d4 d5 3. cxd5 exd5 4. Nc3 c6 5. Qc2 Bd6 6. Nf3 Ne7 7. Bg5 f6 8. Bh4 Bf5 9. Qd2 O-O 10. e3 Re8 {D31: Queen's Gambit Declined: Semi-Slav without ...Nf6 (+ Marshall Gambit and Noteboom) and Exchange Variation lines without ...Nf6.} 11. Be2 Nd7 {[#]} 12. O-O $146 ({Predecessor:} 12. Bg3 Nf8 13. O-O Bxg3 14. hxg3 Nfg6 15. Rac1 Nc8 16. Bd3 Bxd3 17. Qxd3 Nd6 18. Nd2 {1-0 (39) Syperek,S-Buhr,C (2195) Halle 1993}) 12... Bg6 {The position is equal.} 13. Bg3 Nf5 14. Bxd6 Nxd6 15. Nh4 Bf7 16. Bd3 g6 17. Qc2 f5 18. g3 Qf6 19. Ng2 g5 20. f3 Re7 21. Qf2 Rae8 22. Rae1 h6 23. h3 Bg6 24. Qc2 Kg7 25. Kh2 Rf7 26. Na4 Rfe7 27. Nc3 Bf7 28. Ne2 Qe6 29. b3 Nf6 30. Nc3 {[%cal Be2c3,Bc3a4,Ba4c5][%mdl 32]} Qd7 31. Na4 Qc7 32. Qf2 Bg6 33. Bb1 Rf7 34. Nc5 Bh5 35. Qc2 Rfe7 36. Nd3 Nf7 37. f4 (37. Rc1 {looks sharper.} Bg6 38. f4 Bh7 39. Ne5 Kh8 40. Qb2) 37... Ne4 (37... Qc8 {keeps more tension.} 38. Ne5 Ne4 39. Qb2 Nfd6 40. Rg1 Kh7) 38. Ne5 Nxe5 39. dxe5 Bg6 40. Qb2 Kh7 41. Bxe4 $1 dxe4 42. g4 Rd7 (42... fxg4 $11 43. hxg4 Bf7) 43. Rf2 (43. Qf2 $14) 43... Rd5 44. Ref1 gxf4 (44... Qc8 $14) 45. exf4 $16 Rd3 46. Nh4 $2 ({Better is} 46. Qe2 $16) 46... Qe7 47. Nxg6 Kxg6 48. Rd2 {aiming for Rxd3.} Qd7 49. gxf5+ Qxf5 50. Rxd3 exd3 $11 {[%mdl 4096] Endgame KQR-KQR} 51. Qd4 {Rf3 is the strong threat.} Kh7 $2 (51... Re7 $11 {and Black stays safe.}) 52. Rf3 $1 $18 (52. Qxa7 Rd8 $11) 52... Rf8 53. Kg3 ({Much less strong is} 53. Qxd3 $6 Qxd3 54. Rxd3 Rxf4 $14) ({But not} 53. Rxd3 $6 Qxf4+ 54. Qxf4 Rxf4 $14) 53... Rg8+ $2 {[#]} (53... d2) 54. Kf2 $1 Qh5 {...Qh4+ would now be nice for Black.} 55. Qxd3+ Kh8 56. Rg3 Qh4 57. Qf3 Rf8 58. Ke3 Qe7 59. Qg4 $40 {[%mdl 128] White attacks with force.} (59. Qe4 $142 {Black must now prevent Qg6.} Qc5+ 60. Ke2 Qb5+ 61. Kf2 Qc5+ 62. Kg2) 59... Qc5+ 60. Ke2 {[%csl Gg3][%cal Rg4g7]} Qc2+ $2 {[%mdl 8192]} (60... Qb5+ $16 61. Rd3 Qb4) 61. Kf3 $2 (61. Kf1 {[%csl Gg3][%cal Rg4g7]} Qc1+ 62. Kg2 Qd2+ 63. Kh1 Qd5+ 64. Rg2) 61... Qd1+ 62. Kg2 {[%csl Gg3][%cal Rg4g7]} Qxg4 63. Rxg4 {KR-KR} h5 {[#]} 64. Rh4 $1 {[%cal Rh4h5]} Kg7 65. Kf3 ({Don't do} 65. Rxh5 $6 Rxf4 66. h4 Kg6 $16) 65... Kg6 66. Ke4 Rf5 $2 (66... b6 67. b4 a5) 67. e6 {Threatens to win with e7.} Ra5 {[#]} 68. f5+ $1 {[%mdl 512]} Kf6 (68... Rxf5 69. e7) 69. Rxh5 Rxa2 70. Rh6+ {White mates.} Kg7 71. Rg6+ Kh7 72. Ke5 {Accuracy: White = 79%, Black = 58%.} 1-0